Normal view
MARC view
Entry Personal Name
001 - CONTROL NUMBER
- control field: 41985
003 - CONTROL NUMBER IDENTIFIER
- control field: dpl
005 - DATE AND TIME OF LATEST TRANSACTION
- control field: 20120214171453.0
008 - FIXED-LENGTH DATA ELEMENTS
- fixed length control field: 120214|||a|||||| | ||| d
040 ## - CATALOGING SOURCE
- Original cataloging agency: dpl
- Transcribing agency: dpl
100 ## - HEADING--PERSONAL NAME
- Personal name: Puri, Balraj
670 ## - SOURCE DATA FOUND
- Source citation: Work cat.: (dpl)10494: Puri, Balraj, Kashmir:, 2008
670 ## - SOURCE DATA FOUND
- Source citation: Work cat.: (dpl)10494: Puri, Balraj, Kashmir:, 2008
